01454nam a2200385Ia 4500001001200000003000800012006001900020007001500039008004100054010001700095015001900112020002200131020002200153040002100175035002000196050002300216082001500239100002800254245010400282260002700386260005200413300002700465490003000492504006800522533015200590650002000742650001900762650002200781655002900803700002100832700002900853710001700882830004300899856012600942ebr10080867CaPaEBRm u cr cn|||||||||050224s2005 enkb fsb 001 0 eng d z 2005295935 aGBA4655282bnb z0761949852 (hbk.) z0761949860 (pbk.) aCaPaEBRcCaPaEBR a(OCoLC)6150103314aHM753b.S27 2005eb04a307.762221 aSavage, Michael,d1959-10aGlobalization and belongingh[electronic resource] /cMike Savage, Gaynor Bagnall, Brian Longhurst. aLondon :bSAGE,c2005. aLondon ;aThousand Oaks, Calif. :bSAGE,c2005. axii, 233 p. :b2 maps.1 aTheory, culture & society aIncludes bibliographical references (p. [215]-225) and indexes. aElectronic reproduction.bPalo Alto, Calif. :cebrary,d2009.nAvailable via World Wide Web.nAccess may be limited to ebrary affiliated libraries. 0aGroup identity. 0aGlobalization. 0aSociology, Urban. 7aElectronic books.2local1 aBagnall, Gaynor.1 aLonghurst, Brian,d1956-2 aebrary, Inc. 0aTheory, culture & society (Unnumbered)40uhttp://site.ebrary.com/lib/rucke/Doc?id=10080867zAn electronic book accessible through the World Wide Web; click to view